|
|
|
|
| LEADER |
00000nam a2200000 4500 |
| 001 |
CDOM0000000953 |
| 003 |
mi |
| 005 |
20250731101159.0 |
| 008 |
250731b |||||||| |||| 00| 0 eng d |
| 020 |
|
|
|a 8886386168
|
| 040 |
|
|
|c mi
|
| 100 |
|
|
|a De Pìzzol, Silvano
|
| 245 |
1 |
|
|a Gymnos
|c Silvano De Pìzzol
|
| 260 |
|
|
|a Milano
|b Babilonia
|c 1996
|
| 300 |
|
|
|a [73 p. di t.]
|c foto.
|c 30 cm.
|
| 500 |
|
|
|a Titolo in greco e in italiano
|
| 942 |
|
|
|2 ddc
|c BK
|
| 952 |
|
|
|0 0
|1 0
|2 ddc
|4 0
|6 AFT_01DEPSIGYM11
|7 1
|9 8141
|a MI
|b MI
|d 2005-07-22
|i 4828
|l 0
|o AFT01-DEPSI-GYM11
|p CDOM4828
|r 2025-07-17 21:50:21
|w 2025-07-17
|x ACQUISTO
|y BK
|
| 952 |
|
|
|0 0
|1 0
|2 ddc
|4 0
|6 AFT_01DEPSIGYM12
|7 0
|9 8142
|a MI
|b MI
|d 2005-07-22
|i 4829
|l 0
|o AFT01-DEPSI-GYM12
|p CDOM4829
|r 2025-07-17 21:50:21
|w 2025-07-17
|x ACQUISTO
|y BK
|
| 952 |
|
|
|0 0
|1 0
|2 ddc
|4 0
|6 AFT_01DEPSIGYM13
|7 0
|9 8143
|a MI
|b MI
|d 2010-03-08
|i 5938
|l 0
|o AFT01-DEPSI-GYM13
|p CDOM5938
|r 2025-07-17 21:50:21
|w 2025-07-17
|x FONDO BABILONIA
|y BK
|
| 999 |
|
|
|c 6820
|d 6820
|